Stations du RER A sur une carte - Statistiques

Statistiques générales
  • Ce quiz a été pris 2 927 fois
  • Le résultat moyen est 29 sur 46
Réponses sur la Carte
Les réponses sont colorées sur une échelle allant du rouge au vert en fonction du pourcentage des utilisateurs qui les ont devinées à leur premier essai. Vous pouvez retrouver ces pourcentages ci-dessous.
 
Statistiques - réponses
Station % Correct
Châtelet - Les Halles
94%
Marne-la-Vallée - Chessy
92%
Auber
91%
Gare de Lyon
91%
La Défense
91%
Charles-de-Gaulle - Étoile
89%
Nation
88%
Vincennes
86%
Nanterre - Préfecture
84%
Saint-Germain-en-Laye
83%
Nanterre - Université
82%
Poissy
78%
Boissy-Saint-Léger
75%
Cergy-le-Haut
73%
Torcy
72%
Nanterre - Ville
64%
Noisy-le-Grand - Mont d'Est
64%
Val de Fontenay
64%
Val d'Europe
64%
Cergy - Préfecture
62%
Rueil-Malmaison
62%
Saint-Maur - Créteil
62%
Sartrouville
59%
Fontenay-sous-Bois
56%
Houilles - Carrières-sur-Seine
56%
Le Vésinet - Centre
55%
Noisiel
54%
Noisy - Champs
52%
Bussy-Saint-Georges
51%
Champigny
51%
Neuilly - Plaisance
51%
Bry-sur-Marne
50%
Lognes
50%
Le Vésinet - Le Pecq
49%
Cergy-Saint-Christophe
48%
Nogent-sur-Marne
48%
Joinville-le-Pont
46%
Maisons-Laffitte
46%
Achères - Ville
44%
Sucy - Bonneuil
44%
Conflans - Fin-d'Oise
43%
Chatou - Croissy
41%
Le Parc de Saint-Maur
40%
Neuville - Université
40%
Achères - Grand-Cormier
39%
La Varenne - Chennevières
37%
Aucun quiz correspondant
Distribution des résultats
% des personnes avec chaque résultat
Percentile par nombre de réponses
Votre historique - résultats
Vous n’avez pas pris ce quiz